00403 a2200121 4500001001000000005001700010008004100027245007700068100002600145700002000171773007300191999001700264ART_1772620260410161924.0260409a 10aThe opttimal tradeoff between the probability and the magnitude of fines1 aPolinsky, A. Mitchell1 aShavell, Steven0 tThe American Economic Reviewg- Vol. 69, NÂș 5 (dic. 1979)wREV16190 c27969d27969